| 000 | 00659nam a22002297a 4500 | ||
|---|---|---|---|
| 001 | 35856 | ||
| 003 | UA-OsUOA | ||
| 005 | 20220727162322.0 | ||
| 007 | ta | ||
| 008 | 20051221b un ||||| |||| 00| 0 ukr d | ||
| 040 |
_aUA-OsUOA _bukr _cUA-OsUOA _dUA-OsUOA |
||
| 041 | _aukr | ||
| 080 | _a929:32 | ||
| 090 |
_a929:32 _bМ19 |
||
| 100 | _aМалухин А. М. | ||
| 245 |
_aПэн Бай – герой китайской революции _cА. М. Малухин |
||
| 260 |
_aМ. _bМысль _c1975 |
||
| 300 |
_a141 с. _b1 л. портр. |
||
| 650 | 7 |
_a9 Географія. Біографії. Історія _2UDC |
|
| 942 |
_cBK _2udc |
||
| 955 | _a2 | ||
| 999 |
_c322162 _d322162 |
||